[Event "Online Olym Div3 A"]
[Site "Chess.com INT"]
[Date "2021.08.29"]
[Round "9.1"]
[White "Pudasaini, Aava"]
[Black "Sanudula, KM Dahamdi"]
[Result "0-1"]
[WhiteElo "1379"]
[BlackElo "1717"]
[PlyCount "84"]
[EventDate "2021.08.27"]
[EventType "team-tourn (rapid)"]
[EventRounds "9"]
[EventCountry "USA"]
[SourceTitle "CBM 204 Extra"]
[Source "ChessBase"]
[SourceDate "2021.11.30"]
[SourceVersion "1"]
[SourceVersionDate "2021.11.30"]
[SourceQuality "1"]
[WhiteTeam "Nepal"]
[BlackTeam "Sri Lanka"]
[WhiteTeamCountry "NEP"]
[BlackTeamCountry "SRI"]

1. e4 d5 2. Nc3 dxe4 3. Nxe4 Nf6 4. Nc3 c6 5. Nf3 Bg4 6. Be2 e6 7. h3 Bxf3 8. Bxf3 Bd6 9. d3 Nbd7 10. Bg5 Qa5 11. Bd2 Qc7 12. a3 Ne5 13. Bg5 0-0-0 14. Ne4 Be7 15. Bf4 Nxd3+ 16. cxd3 Qxf4 17. Qd2 Nd5 18. Qxf4 Nxf4 19. 0-0 Nxd3 20. b4 Bf6 21. Rad1 Kc7 22. Be2 Nf4 23. Bf3 Nd5 24. Ng3 Bb2 25. Rd3 Nf4 26. Rb3 Bf6 27. Rc1 Rd3 28. Rxd3 Nxd3 29. Rd1 Rd8 30. Be4 Nf4 31. Rxd8 Bxd8 32. Bxh7 g6 33. Bg8 Kd7 34. Bxf7 Ke7 35. Bg8 Kf8 36. Bh7 Kg7 37. Bxg6 Kxg6 38. Ne4 Be7 39. Kh2 Ne2 40. f3 Nd4 41. Kg3 Nc2 42. Kg4 Nxa3 0-1